| 000 | 01554nam a2200361 c 4500 | ||
|---|---|---|---|
| 003 | BLK | ||
| 005 | 20230213122628.0 | ||
| 008 | 180411b bul|||||r ||||||| ||bul|| | ||
| 010 | _aKNG00174856000 | ||
| 020 |
_a978-954-399-030-6 _bиздат.: Санома Блясък България |
||
| 040 | _aBLK | ||
| 041 |
_aBUL _cBUL |
||
| 072 | 7 |
_2bullib _aН83 _xЧужда художествена литература Н |
|
| 080 |
_aАмериканска литература (на САЩ) _b821.111(73) _x-31 _z821.111(73)-31 |
||
| 100 | 1 |
_aРединг, Жаклин _eпърви автор _9251617 |
|
| 700 | 1 |
_aХристова, Мишела _eпрев. от англ. _9382344 |
|
| 139 |
_aРединг, Жаклин _bР 45 |
||
| 245 | 1 | 0 |
_aВтори шанс _bРоман _cЖаклин Рединг; прев. от англ. Мишела Христова. |
| 257 | _aUSA | ||
| 260 |
_аСофия _bСанома Блясък България _c2013 _fСофия : Алианс Принт |
||
| 300 |
_a240 с. _c20 см |
||
| 380 | _aX | ||
| 490 | 1 |
_aСветовни бестселъри _v12 |
|
| 500 | _aОриг. загл. The Second Chance / Jaclyn Reding. - Кн. се разпространява със сп. Журнал за жената. | ||
| 653 | _aромантична проза | ||
| 653 | _aромани | ||
| 659 | _aН | ||
| 852 | _aЦб 274099 | ||
| 856 | 4 |
_qpdf _u |
|
| 856 | 4 |
_qpdf _u |
|
| 942 |
_cKNG _n0 _04 |
||
| 944 |
_aCR _c04.05.2015 _lф / _kВиолета_Тройчева |
||
| 944 |
_aED _c25.09.2017 _lф / _kЛюдмила_Стоянова |
||
| 999 |
_c167075 _d167075 |
||